[Event "Ontario-op"]
[Site "Brantford CAN"]
[Date "2004.05.22"]
[Round "2"]
[White "Dougherty, Michael"]
[Black "Tyomkin, Dimitri"]
[Result "1/2-1/2"]
[WhiteElo "2213"]
[BlackElo "2503"]
[PlyCount "56"]
[GameId "2160767911145735"]
[EventDate "2004.05.22"]
[EventType "swiss"]
[EventRounds "6"]
[EventCountry "CAN"]
[SourceTitle "CBM 100 Extra"]
[Source "ChessBase"]
[SourceDate "2004.07.06"]
[SourceVersion "2"]
[SourceVersionDate "2004.07.06"]
[SourceQuality "1"]

1. Nf3 Nf6 2. c4 g6 3. Nc3 d5 4. d4 Bg7 5. Bf4 O-O 6. Rc1 dxc4 7. e4 Bg4 8. Bxc4 Nh5 9. Be3 Bxf3 10. gxf3 e5 11. dxe5 Qh4 12. e6 Nc6 13. exf7+ Kh8 14. f4 Nxf4 15. Qf3 Nh5 16. Ne2 Ne5 17. Qg2 Qf6 18. O-O Nxc4 19. Rxc4 Qxf7 20. b3 Rad8 21. Qg4 c6 22. Ng3 Nf4 23. Ra4 a6 24. Nf5 gxf5 25. Qxf4 Qg6+ 26. Kh1 b5 27. Rxa6 fxe4 28. Rg1 Rxf4 1/2-1/2

[Event "Ontario-op"]
[Site "Brantford CAN"]
[Date "2004.05.22"]
[Round "2"]
[White "Kudrin, Sergey"]
[Black "Filipovich, David"]
[Result "1/2-1/2"]
[WhiteElo "2557"]
[BlackElo "2207"]
[PlyCount "54"]
[GameId "2160767911145736"]
[EventDate "2004.05.22"]
[EventType "swiss"]
[EventRounds "6"]
[EventCountry "CAN"]
[SourceTitle "CBM 100 ext"]
[Source "ChessBase"]
[SourceDate "2004.07.06"]
[SourceVersion "2"]
[SourceVersionDate "2004.07.27"]
[SourceQuality "1"]

1. e4 c6 2. d4 d5 3. Nc3 g6 4. h3 Bg7 5. Nf3 Nf6 6. e5 Ne4 7. Nxe4 dxe4 8. Ng5 c5 9. e6 Bxe6 10. Nxe6 fxe6 11. dxc5 Qa5+ 12. c3 Nc6 13. Be3 Rd8 14. Qb3 Bd4 15. Bb5 Bxe3 16. fxe3 Rf8 17. Rd1 Qc7 18. Rxd8+ Kxd8 19. Qd1+ Kc8 20. Qg4 Qe5 21. Bc4 Rf5 22. Kd2 Na5 23. Be2 Qxc5 24. Qxe4 Re5 25. Qf4 Rf5 26. Qe4 Re5 27. Qf4 Rf5 1/2-1/2

[Event "Ontario-op"]
[Site "Brantford CAN"]
[Date "2004.05.22"]
[Round "2"]
[White "Quan Zhe"]
[Black "Garcia, Alvaro"]
[Result "1-0"]
[WhiteElo "2324"]
[BlackElo "2125"]
[PlyCount "131"]
[GameId "2160767911145737"]
[EventDate "2004.05.22"]
[EventType "swiss"]
[EventRounds "6"]
[EventCountry "CAN"]
[SourceTitle "CBM 100 ext"]
[Source "ChessBase"]
[SourceDate "2004.07.06"]
[SourceVersion "2"]
[SourceVersionDate "2004.07.27"]
[SourceQuality "1"]

1. d4 Nf6 2. c4 e6 3. Nc3 d5 4. cxd5 exd5 5. Bg5 Nbd7 6. e3 c6 7. Bd3 Be7 8. Qc2 O-O 9. Nge2 Re8 10. O-O Nf8 11. f3 Nh5 12. Bxe7 Qxe7 13. e4 Be6 14. e5 g6 15. f4 Ng7 16. Qd2 Rad8 17. Nd1 Bf5 18. Ne3 Bxd3 19. Qxd3 f5 20. g4 fxg4 21. Nxg4 Nd7 22. Ng3 Qh4 23. Ne3 Ne6 24. Ng2 Qg4 25. Rad1 Rf8 26. f5 Ng5 27. Ne3 Nh3+ 28. Kh1 Qg5 29. Rf3 Rde8 30. Rdf1 Qh4 31. f6 Ng5 32. Rf4 Qh3 33. Rg4 Nxe5 34. dxe5 Rxe5 35. Rgf4 Rfe8 36. f7+ Nxf7 37. Rxf7 Rxe3 38. Qd4 R3e5 39. Qf4 Qe6 40. Rxb7 Re1 41. Qf7+ Qxf7 42. Rbxf7 a5 43. Kg2 Rxf1 44. Rxf1 Rb8 45. Rf2 a4 46. Rc2 Kf7 47. Ne2 Rb4 48. a3 Rb6 49. Nc3 Ra6 50. Na2 Ke6 51. Nb4 Ra7 52. Rxc6+ Ke5 53. Rc5 Rd7 54. Ra5 Kd4 55. Rxa4 Kc4 56. Nc6+ Kb5 57. Ne5 Re7 58. Rb4+ Kc5 59. Nd3+ Kc6 60. Kf3 Rf7+ 61. Rf4 Re7 62. a4 Re6 63. b4 Kd6 64. b5 g5 65. Rb4 h5 66. b6 1-0

[Event "Ontario-op"]
[Site "Brantford CAN"]
[Date "2004.05.23"]
[Round "3"]
[White "Aranov, Yuri"]
[Black "Krnan, Tomas"]
[Result "1-0"]
[WhiteElo "2231"]
[BlackElo "2312"]
[PlyCount "113"]
[GameId "2160767911145738"]
[EventDate "2004.05.22"]
[EventType "swiss"]
[EventRounds "6"]
[EventCountry "CAN"]
[SourceTitle "CBM 100 ext"]
[Source "ChessBase"]
[SourceDate "2004.07.06"]
[SourceVersion "2"]
[SourceVersionDate "2004.07.27"]
[SourceQuality "1"]

1. e4 e5 2. Bc4 Nc6 3. d3 Nf6 4. Nf3 Be7 5. O-O O-O 6. Re1 d6 7. c3 Na5 8. Bb5 a6 9. Ba4 b5 10. Bc2 c5 11. Nbd2 Nc6 12. Nf1 h6 13. Ne3 Re8 14. d4 Bf8 15. dxc5 dxc5 16. Qxd8 Nxd8 17. a4 Bb7 18. axb5 axb5 19. Rxa8 Bxa8 20. c4 Bc6 21. cxb5 Bxb5 22. Nd5 Nxd5 23. exd5 Bd6 24. Nd2 Nb7 25. Ne4 Rd8 26. Be3 Be7 27. Ra1 Bc4 28. Nc3 Kf8 29. b3 Bxd5 30. Nxd5 Rxd5 31. Be4 Rd7 32. Bxb7 Rxb7 33. Ra8+ Bd8 34. Rxd8+ Ke7 35. Rc8 Rxb3 36. Rxc5 Kd6 37. Rc1 Ke6 38. g4 Rb4 39. h3 h5 40. gxh5 Rh4 41. h6 gxh6 42. Rc6+ Kf5 43. Rxh6 Ra4 44. Kg2 f6 45. Bb6 Kg5 46. Be3+ Kf5 47. Kg3 Rb4 48. Rh4 Rb1 49. Ra4 Rg1+ 50. Kh2 Rg8 51. Ra6 Rf8 52. Bc5 Rf7 53. Ra7 Rxa7 54. Bxa7 Kf4 55. Kg2 f5 56. Bb8 Ke4 57. f3+ 1-0

[Event "Ontario-op"]
[Site "Brantford CAN"]
[Date "2004.05.23"]
[Round "3"]
[White "Ochkoos, Jura"]
[Black "Bluvshtein, Ilia"]
[Result "1-0"]
[WhiteElo "2312"]
[BlackElo "2000"]
[PlyCount "66"]
[GameId "2160767911145740"]
[EventDate "2004.05.22"]
[EventType "swiss"]
[EventRounds "6"]
[EventCountry "CAN"]
[SourceTitle "CBM 100 ext"]
[Source "ChessBase"]
[SourceDate "2004.07.06"]
[SourceVersion "2"]
[SourceVersionDate "2004.07.27"]
[SourceQuality "1"]

1. e4 e5 2. Nf3 Nc6 3. d4 exd4 4. Nxd4 Bc5 5. Be3 Qf6 6. c3 Nge7 7. Bc4 Qg6 8. O-O O-O 9. Nd2 Ne5 10. Be2 d6 11. Bh5 Qf6 12. f4 N5c6 13. N2b3 Bb6 14. Kh1 Be6 15. Bf3 Bc4 16. Re1 Ng6 17. g3 Rfe8 18. Qd2 Nf8 19. Rad1 Rad8 20. Qg2 Na5 21. Nc1 Ne6 22. Nc2 Nc6 23. Nb3 Nc5 24. e5 Qg6 25. Nxc5 Bxc5 26. Be4 Qh6 27. b3 Be6 28. f5 Bxe3 29. fxe6 Bb6 30. exf7+ Kxf7 31. Bd5+ Ke7 32. Qf3 Rf8 33. exd6+ Kd7 1-0

[Event "Ontario-op"]
[Site "Brantford CAN"]
[Date "2004.05.23"]
[Round "3"]
[White "Roetteler, Martin"]
[Black "Quan Zhe"]
[Result "0-1"]
[WhiteElo "2259"]
[BlackElo "2324"]
[PlyCount "116"]
[GameId "2160767911145741"]
[EventDate "2004.05.22"]
[EventType "swiss"]
[EventRounds "6"]
[EventCountry "CAN"]
[SourceTitle "CBM 100 ext"]
[Source "ChessBase"]
[SourceDate "2004.07.06"]
[SourceVersion "2"]
[SourceVersionDate "2004.07.27"]
[SourceQuality "1"]

1. d4 Nf6 2. c4 c5 3. d5 b5 4. cxb5 a6 5. bxa6 g6 6. Nc3 Bxa6 7. Nf3 Bg7 8. e4 Bxf1 9. Kxf1 d6 10. g3 Nbd7 11. Kg2 O-O 12. Re1 Qa5 13. h3 Rfb8 14. Re2 Ne8 15. Rc2 Nb6 16. Qe2 Qa6 17. e5 dxe5 18. Nxe5 Qb7 19. Nc6 Nxd5 20. Nxd5 Qxc6 21. Qf3 Qd6 22. Bf4 e5 23. Be3 Ra5 24. a3 h5 25. Rd1 Qe6 26. Bxc5 e4 27. Qf4 Rxb2 28. Rxb2 Bxb2 29. Ne7+ Kg7 30. Bb4 Rb5 31. Qd2 Be5 32. Qd8 Qf6 33. Kg1 Qf3 34. Rd2 e3 35. Qxe8 Rxb4 36. Qg8+ Kh6 37. Qf8+ Bg7 38. Ng8+ Kh7 39. Qxb4 exd2 40. Qxd2 Kxg8 41. a4 Bc3 42. Qd8+ Kg7 43. a5 Qf6 44. Qc7 Qe5 45. Qxe5+ Bxe5 46. Kg2 Kf6 47. f4 Bd4 48. Kf3 Ke6 49. Ke4 Bc5 50. f5+ gxf5+ 51. Kf4 Kf6 52. a6 Bb6 53. h4 Ba7 54. Kf3 Ke5 55. Kg2 Ke4 56. Kh3 Kf3 57. Kh2 f4 58. Kh3 f5 0-1

[Event "Ontario-op"]
[Site "Brantford CAN"]
[Date "2004.05.23"]
[Round "4"]
[White "Day, Lawrence"]
[Black "Tyomkin, Dimitri"]
[Result "1-0"]
[WhiteElo "2266"]
[BlackElo "2503"]
[PlyCount "96"]
[GameId "2160767911145742"]
[EventDate "2004.05.22"]
[EventType "swiss"]
[EventRounds "6"]
[EventCountry "CAN"]
[SourceTitle "CBM 100 Extra"]
[Source "ChessBase"]
[SourceDate "2004.07.06"]
[SourceVersion "2"]
[SourceVersionDate "2004.07.06"]
[SourceQuality "1"]

1. e4 c5 2. Nc3 a6 3. g3 b5 4. Bg2 Bb7 5. d3 e6 6. Nf3 d6 7. O-O Be7 8. e5 d5 9. d4 Nc6 10. Ne2 h5 11. h4 Nh6 12. Bh3 Qb6 13. c3 g6 14. Be3 O-O-O 15. Ng5 Kb8 16. Bf4 Ka8 17. Qd2 Bf8 18. dxc5 Bxc5 19. b4 Be7 20. Nf3 Ng4 21. Ned4 f6 22. Rfe1 fxe5 23. Nxe5 Nxd4 24. cxd4 Nxe5 25. Bxe5 Rhe8 26. Re2 Rc8 27. a3 Rc6 28. Qh6 Qd8 29. Qxg6 Bxh4 30. Qxh5 Bg5 31. a4 bxa4 32. Rxa4 Rc4 33. Rea2 Be7 34. Bf1 Qc8 35. b5 Rc1 36. Qe2 Bd8 37. Bf4 Rb1 38. Qd3 Rxf1+ 39. Qxf1 Bb6 40. Be5 Qc3 41. R4a3 Qc4 42. bxa6 Bc6 43. Qd1 Bd7 44. Rb2 Ba7 45. Rb7 Bc6 46. Qa1 Rc8 47. Qb2 Rf8 48. Rb4 Rxf2 1-0

[Event "Ontario-op"]
[Site "Brantford CAN"]
[Date "2004.05.23"]
[Round "4"]
[White "Quan Zhe"]
[Black "Aranov, Yuri"]
[Result "1-0"]
[WhiteElo "2324"]
[BlackElo "2231"]
[PlyCount "93"]
[GameId "2160767911145743"]
[EventDate "2004.05.22"]
[EventType "swiss"]
[EventRounds "6"]
[EventCountry "CAN"]
[SourceTitle "CBM 100 ext"]
[Source "ChessBase"]
[SourceDate "2004.07.06"]
[SourceVersion "2"]
[SourceVersionDate "2004.07.27"]
[SourceQuality "1"]

1. d4 d5 2. c4 e6 3. Nc3 c6 4. e3 Nf6 5. Nf3 Nbd7 6. Qc2 Bd6 7. b3 O-O 8. Be2 dxc4 9. bxc4 e5 10. O-O Re8 11. a4 Qe7 12. Rd1 e4 13. Nd2 Nf8 14. Qb3 Ng4 15. g3 Nxh2 16. Ndxe4 Ng4 17. Kg2 Bc7 18. Bf3 f5 19. Nc5 Ng6 20. Rh1 Qg5 21. Ne2 Qf6 22. Bd2 Rb8 23. Rae1 Qe7 24. Nf4 N6e5 25. Be2 b6 26. Ncd3 Nxd3 27. Bxd3 Nf6 28. c5+ Qf7 29. Bc4 Nd5 30. Nxd5 cxd5 31. Bxd5 Bb7 32. e4 Bxd5 33. Qxd5 bxc5 34. Qxf7+ Kxf7 35. dxc5 fxe4 36. Rxh7 Rb3 37. Be3 Kg6 38. Rhh1 Be5 39. Rb1 Ra3 40. Rb4 Bf6 41. Rc1 Bg5 42. Bxg5 Kxg5 43. c6 e3 44. c7 e2 45. Re4 e1=Q 46. Rexe1 Rc8 47. Red1 1-0

[Event "Ontario-op"]
[Site "Brantford CAN"]
[Date "2004.05.23"]
[Round "4"]
[White "Wang, David"]
[Black "Ochkoos, Jura"]
[Result "0-1"]
[WhiteElo "2110"]
[BlackElo "2312"]
[PlyCount "85"]
[GameId "2160767911145745"]
[EventDate "2004.05.22"]
[EventType "swiss"]
[EventRounds "6"]
[EventCountry "CAN"]
[SourceTitle "CBM 100 ext"]
[Source "ChessBase"]
[SourceDate "2004.07.06"]
[SourceVersion "2"]
[SourceVersionDate "2004.07.27"]
[SourceQuality "1"]

1. e4 c5 2. Nf3 Nc6 3. d4 cxd4 4. Nxd4 g6 5. c4 Bg7 6. Be3 Nf6 7. Nc3 d6 8. Be2 O-O 9. O-O Bd7 10. Qd2 Nxd4 11. Bxd4 Bc6 12. f3 Qa5 13. Rfc1 Rfc8 14. Be3 Nd7 15. Rab1 Qd8 16. b4 b6 17. Rc2 Qe8 18. Rcc1 Bb7 19. Nd5 Bf8 20. Rb2 Ba6 21. Rbc2 e6 22. Nf4 Bb7 23. Nh3 a5 24. bxa5 Rxa5 25. Bxb6 Ra4 26. Be3 Bc6 27. Bf4 e5 28. Be3 Nc5 29. Nf2 Rca8 30. Bxc5 dxc5 31. Rb2 Rd8 32. Qc3 h5 33. Bd1 Ra7 34. Nd3 Bh6 35. f4 exf4 36. Bf3 Bg7 37. e5 Bxf3 38. gxf3 Rad7 39. Nxc5 Bxe5 40. Qb4 Bxb2 41. Ne4 Bd4+ 42. Kg2 f5 43. Rc2 0-1

[Event "Ontario-op"]
[Site "Brantford CAN"]
[Date "2004.05.24"]
[Round "5"]
[White "Dougherty, Michael"]
[Black "Krnan, Tomas"]
[Result "0-1"]
[WhiteElo "2213"]
[BlackElo "2312"]
[PlyCount "66"]
[GameId "2160767911145746"]
[EventDate "2004.05.22"]
[EventType "swiss"]
[EventRounds "6"]
[EventCountry "CAN"]
[SourceTitle "CBM 100 Extra"]
[Source "ChessBase"]
[SourceDate "2004.07.06"]
[SourceVersion "2"]
[SourceVersionDate "2004.07.06"]
[SourceQuality "1"]

1. Nf3 Nf6 2. c4 g6 3. Nc3 Bg7 4. d4 O-O 5. e4 d6 6. Be2 e5 7. d5 a5 8. Bg5 Na6 9. Nd2 h6 10. Bh4 Qe8 11. a3 Bd7 12. b3 Nh7 13. O-O h5 14. f3 Bh6 15. Rb1 Nc5 16. b4 axb4 17. axb4 Na4 18. Qc2 Nxc3 19. Qxc3 Ra2 20. Rb2 Be3+ 21. Bf2 Bxf2+ 22. Rxf2 Ra1+ 23. Rf1 Rxf1+ 24. Bxf1 f5 25. c5 Nf6 26. Bd3 fxe4 27. Nxe4 Bf5 28. Re2 Bxe4 29. Bxe4 Nxe4 30. Rxe4 Qa4 31. Qd3 Qa1+ 32. Kf2 Ra8 33. Rg4 Ra2+ 0-1

[Event "Ontario-op"]
[Site "Brantford CAN"]
[Date "2004.05.24"]
[Round "5"]
[White "Kudrin, Sergey"]
[Black "Day, Lawrence"]
[Result "1-0"]
[WhiteElo "2557"]
[BlackElo "2266"]
[PlyCount "75"]
[GameId "2160767911145747"]
[EventDate "2004.05.22"]
[EventType "swiss"]
[EventRounds "6"]
[EventCountry "CAN"]
[SourceTitle "CBM 100 Extra"]
[Source "ChessBase"]
[SourceDate "2004.07.06"]
[SourceVersion "2"]
[SourceVersionDate "2004.07.06"]
[SourceQuality "1"]

1. e4 g6 2. d4 Bg7 3. Nc3 d6 4. Be3 a6 5. a4 Nc6 6. h3 e5 7. dxe5 Nxe5 8. g3 Ne7 9. f4 N5c6 10. Bg2 f5 11. Nge2 fxe4 12. Bxe4 O-O 13. Qd2 Be6 14. Nd4 Bxd4 15. Bxd4 d5 16. Bf3 Nxd4 17. Qxd4 Nf5 18. Qe5 Bf7 19. O-O-O Re8 20. Rxd5 Qc8 21. Qf6 Re6 22. Qg5 h6 23. Qg4 Ne3 24. Qh4 Nf5 25. Rxf5 gxf5 26. g4 Qd8 27. Qf2 fxg4 28. Bxg4 Rg6 29. f5 Rg7 30. f6 Rg6 31. Rf1 Rg5 32. Ne4 Rxg4 33. hxg4 Qd5 34. Qf4 Qd4 35. Rh1 Kf8 36. Re1 Qb4 37. Qxh6+ Ke8 38. Nc3+ 1-0

[Event "Ontario-op"]
[Site "Brantford CAN"]
[Date "2004.05.24"]
[Round "5"]
[White "Ochkoos, Jura"]
[Black "Quan Zhe"]
[Result "0-1"]
[WhiteElo "2312"]
[BlackElo "2324"]
[PlyCount "88"]
[GameId "2160767911145748"]
[EventDate "2004.05.22"]
[EventType "swiss"]
[EventRounds "6"]
[EventCountry "CAN"]
[SourceTitle "CBM 100 ext"]
[Source "ChessBase"]
[SourceDate "2004.07.06"]
[SourceVersion "2"]
[SourceVersionDate "2004.07.27"]
[SourceQuality "1"]

1. e4 c5 2. Nf3 d6 3. d4 cxd4 4. Nxd4 Nf6 5. Nc3 a6 6. f3 e5 7. Nb3 Be6 8. Be3 Be7 9. Qd2 Nbd7 10. g4 h6 11. O-O-O b5 12. a3 Rc8 13. h4 Qc7 14. Rh2 Nb6 15. Kb1 Na4 16. Nxa4 bxa4 17. Na1 Rb8 18. c4 O-O 19. g5 Nh5 20. gxh6 g6 21. Bg5 f6 22. Be3 Rb7 23. Qc3 Rc8 24. c5 Qc6 25. Bc4 dxc5 26. Rhd2 Kh7 27. Rd5 Rcb8 28. Bc1 Bxd5 29. Bxd5 Qb5 30. Bxb7 Rxb7 31. Nc2 Qb3 32. Qxb3 axb3 33. Ne3 Kxh6 34. Nc4+ Nf4 35. Na5 Rc7 36. Nxb3 Kh5 37. Na5 Kxh4 38. Bxf4 exf4 39. Rg1 g5 40. Nc4 Kh3 41. Kc2 Kh2 42. Rg4 Rd7 43. b3 Bd8 44. a4 Rh7 0-1

[Event "Ontario-op"]
[Site "Brantford CAN"]
[Date "2004.05.24"]
[Round "6"]
[White "Bailey, Doug"]
[Black "Ochkoos, Jura"]
[Result "1-0"]
[WhiteElo "2283"]
[BlackElo "2312"]
[PlyCount "91"]
[GameId "2160767911145749"]
[EventDate "2004.05.22"]
[EventType "swiss"]
[EventRounds "6"]
[EventCountry "CAN"]
[SourceTitle "CBM 100 ext"]
[Source "ChessBase"]
[SourceDate "2004.07.06"]
[SourceVersion "2"]
[SourceVersionDate "2004.07.27"]
[SourceQuality "1"]

1. e4 e5 2. Nf3 Nc6 3. Bb5 Nf6 4. Qe2 a6 5. Bxc6 dxc6 6. O-O Bd6 7. d4 Nd7 8. dxe5 Nxe5 9. Nxe5 Bxe5 10. Nc3 Qe7 11. f4 Bxc3 12. bxc3 f5 13. e5 Be6 14. a4 a5 15. Ba3 Qh4 16. Rab1 b6 17. Rbd1 c5 18. Qb5+ Kf7 19. Rd7+ Bxd7 20. Qxd7+ Qe7 21. Qxf5+ Kg8 22. Qe4 Re8 23. c4 h5 24. Bb2 Rh6 25. f5 Rd6 26. Qf4 Rh6 27. h4 Rf8 28. Qg3 Qf7 29. Rf4 Rg6 30. Qf3 Rh6 31. g3 Qe8 32. Qd5+ Kh7 33. e6 Qxa4 34. Qe5 Rg8 35. Qe4 Rf6 36. g4 hxg4 37. Rxg4 Qe8 38. Rg5 Rgf8 39. Qg4 Qe7 40. h5 a4 41. h6 gxh6 42. Rg6 a3 43. Bc3 a2 44. Qh5 Qg7 45. Rxg7+ Kxg7 46. e7 1-0

[Event "Ontario-op"]
[Site "Brantford CAN"]
[Date "2004.05.24"]
[Round "6"]
[White "Krnan, Tomas"]
[Black "Noritsyn, Nikolay"]
[Result "1-0"]
[WhiteElo "2312"]
[BlackElo "2153"]
[PlyCount "67"]
[GameId "2160767911145750"]
[EventDate "2004.05.22"]
[EventType "swiss"]
[EventRounds "6"]
[EventCountry "CAN"]
[SourceTitle "CBM 100 ext"]
[Source "ChessBase"]
[SourceDate "2004.07.06"]
[SourceVersion "2"]
[SourceVersionDate "2004.07.27"]
[SourceQuality "1"]

1. e4 c5 2. Nc3 Nc6 3. f4 e6 4. Nf3 Nge7 5. d4 cxd4 6. Nxd4 Nxd4 7. Qxd4 Nc6 8. Qf2 d5 9. exd5 exd5 10. Be3 Bb4 11. Bc5 Bxc3+ 12. bxc3 Qa5 13. O-O-O Be6 14. f5 Bxf5 15. Qxf5 Qxc5 16. Re1+ Kf8 17. Bd3 Kg8 18. Rhf1 Qf8 19. Qxd5 Rd8 20. Qb3 Na5 21. Qb4 Qxb4 22. cxb4 Nc6 23. Bc4 h5 24. Rxf7 b5 25. Rc7+ bxc4 26. Rxc6 Rd4 27. Re7 Rh6 28. Rxh6 gxh6 29. Kb2 a5 30. Kc3 Rd5 31. Kxc4 Rd2 32. Kc3 Rxg2 33. bxa5 Rg5 34. a6 1-0

[Event "Ontario-op"]
[Site "Brantford CAN"]
[Date "2004.05.24"]
[Round "6"]
[White "Quan Zhe"]
[Black "Kudrin, Sergey"]
[Result "0-1"]
[WhiteElo "2324"]
[BlackElo "2557"]
[PlyCount "81"]
[GameId "2160767911145751"]
[EventDate "2004.05.22"]
[EventType "swiss"]
[EventRounds "6"]
[EventCountry "CAN"]
[SourceTitle "CBM 100 ext"]
[Source "ChessBase"]
[SourceDate "2004.07.06"]
[SourceVersion "2"]
[SourceVersionDate "2004.07.27"]
[SourceQuality "1"]

1. c4 Nf6 2. d4 g6 3. Nc3 d5 4. Bf4 Bg7 5. e3 O-O 6. Nf3 c5 7. dxc5 Ne4 8. Be5 Bxe5 9. Nxe5 Nxc3 10. bxc3 Qa5 11. Rc1 Nc6 12. Nxc6 bxc6 13. cxd5 cxd5 14. Be2 Be6 15. O-O Rac8 16. Bg4 Bxg4 17. Qxg4 Rxc5 18. Qd4 Rfc8 19. e4 dxe4 20. Qxe4 e6 21. g3 Rxc3 22. Rxc3 Rxc3 23. Rd1 Qc7 24. Qd4 e5 25. Qd5 Rc5 26. Qf3 Kg7 27. Kg2 Rc2 28. a3 Qc5 29. Kg1 e4 30. Qe3 Qxe3 31. fxe3 Rc3 32. a4 Rxe3 33. Rd7 a6 34. Rd4 Re2 35. Rd6 Ra2 36. Rxa6 e3 37. Kf1 Rxh2 38. Ra8 Ra2 39. Re8 Rxa4 40. Rxe3 h5 41. Ke1 0-1

[Event "Ottawa Futurity"]
[Site "Ottawa CAN"]
[Date "2004.08.09"]
[Round "1"]
[White "Barber, Glen"]
[Black "Bertrand, Daryl"]
[Result "1-0"]
[WhiteElo "2021"]
[BlackElo "1935"]
[PlyCount "113"]
[GameId "2160767911086322"]
[EventDate "2004.08.09"]
[EventType "schev"]
[EventRounds "5"]
[EventCountry "CAN"]
[SourceTitle "EXT 2006"]
[Source "ChessBase"]
[SourceDate "2005.11.24"]
[SourceVersion "1"]
[SourceVersionDate "2005.11.24"]
[SourceQuality "1"]

1. d4 d5 2. c4 e6 3. Nf3 Nf6 4. g3 Be7 5. Bg2 O-O 6. O-O dxc4 7. Qc2 a6 8. a4 Nc6 9. Qxc4 Qd5 10. Qc3 Qh5 11. Ne5 Nxe5 12. dxe5 Nd7 13. f4 Qxe2 14. Qxc7 Bc5+ 15. Kh1 Bb6 16. Qd6 Bc5 17. Qd1 Qxd1 18. Rxd1 f5 19. exf6 Nxf6 20. Nc3 Ng4 21. Ne4 Be3 22. Rd3 Bb6 23. h3 Nf2+ 24. Nxf2 Bxf2 25. Bd2 Ra7 26. Rf1 Bc5 27. b4 Be7 28. Be3 b6 29. Rfd1 Bxb4 30. Bxb6 Re7 31. a5 Bb7 32. Rb3 Bxg2+ 33. Kxg2 Rc8 34. Rxb4 Rc2+ 35. Kf3 Rc3+ 36. Be3 Ra3 37. Ke4 Rxa5 38. Rdd4 e5 39. Rd8+ Kf7 40. f5 g6 41. g4 Ra1 42. Rbb8 gxf5+ 43. gxf5 Rc7 44. Rf8+ Ke7 45. Rfe8+ Kd7 46. Rbd8+ Kc6 47. Rxe5 Rh1 48. Re6+ Kb5 49. Rb6+ Kc4 50. Rxa6 Rxh3 51. Rd1 Rh4+ 52. Bf4 Kb5 53. Rad6 Rc4+ 54. R1d4 Rc5 55. R4d5 Kc4 56. Rxc5+ Kxc5 57. Rh6 1-0

[Event "Ottawa Futurity"]
[Site "Ottawa CAN"]
[Date "2004.08.09"]
[Round "1"]
[White "Laming, Ryan"]
[Black "Voloaca, Mihnea"]
[Result "0-1"]
[WhiteElo "1747"]
[BlackElo "2258"]
[PlyCount "70"]
[GameId "2160767911086323"]
[EventDate "2004.08.09"]
[EventType "schev"]
[EventRounds "5"]
[EventCountry "CAN"]
[SourceTitle "EXT 2006"]
[Source "ChessBase"]
[SourceDate "2005.11.24"]
[SourceVersion "1"]
[SourceVersionDate "2005.11.24"]
[SourceQuality "1"]

1. d4 Nf6 2. c4 c5 3. d5 e6 4. Nc3 exd5 5. cxd5 d6 6. Nf3 g6 7. e4 Bg7 8. Bb5+ Nbd7 9. O-O O-O 10. Bf4 Qe7 11. Re1 a6 12. Bf1 Ng4 13. Qc2 b5 14. Rad1 Nde5 15. Nxe5 Nxe5 16. Bg3 h5 17. h3 g5 18. f4 h4 19. fxe5 hxg3 20. exd6 Qxd6 21. Ne2 Be5 22. Qd2 f6 23. Qd3 Bxb2 24. Qxg3 Bd4+ 25. Kh1 Qxg3 26. Nxg3 Bf2 27. Nh5 Bxe1 28. Rxe1 Bd7 29. g4 c4 30. Ng3 Rfe8 31. Bg2 a5 32. Rf1 Ra6 33. Nh5 c3 34. Nxf6+ Rxf6 35. Rxf6 Rf8 0-1

[Event "Ottawa Futurity"]
[Site "Ottawa CAN"]
[Date "2004.08.09"]
[Round "1"]
[White "Mai, Lloyd"]
[Black "Gordon, David"]
[Result "0-1"]
[WhiteElo "1919"]
[BlackElo "2184"]
[PlyCount "98"]
[GameId "2160767911086324"]
[EventDate "2004.08.09"]
[EventType "schev"]
[EventRounds "5"]
[EventCountry "CAN"]

1. e4 e6 2. d4 d5 3. Nc3 dxe4 4. Nxe4 Nd7 5. Nf3 Ngf6 6. Ng3 Be7 7. Bd3 O-O 8. O-O b6 9. Ne5 Bb7 10. Bg5 h6 11. Bd2 c5 12. Nxd7 Qxd7 13. dxc5 Bxc5 14. Kh1 Rfd8 15. Nh5 Bxg2+ 16. Kxg2 Qd5+ 17. Qf3 Qxf3+ 18. Kxf3 Nxh5 19. Rg1 Kf8 20. Bc3 Bd4 21. Bb4+ Kg8 22. c3 Bxf2 23. Be4 Bxg1 24. Bxa8 Bxh2 25. Rh1 Rxa8 26. Rxh2 Nf6 27. Rd2 Nd5 28. Bd6 b5 29. Bg3 f5 30. Be5 Kf7 31. Bd4 a6 32. Rg2 g5 33. Rh2 Kg6 34. a3 Rc8 35. Re2 Rc6 36. Kg3 h5 37. Kf3 h4 38. Be5 g4+ 39. Kf2 Nf6 40. Ke3 Nd5+ 41. Kf2 a5 42. Bd4 a4 43. Re5 Kg5 44. Re1 Nf4 45. Be3 Rd6 46. Rc1 g3+ 47. Kf3 Rd3 48. c4 e5 49. cxb5 e4# 0-1

[Event "Ottawa Futurity"]
[Site "Ottawa CAN"]
[Date "2004.08.09"]
[Round "1"]
[White "Yao, Sammy"]
[Black "Pacey, Kevin"]
[Result "0-1"]
[WhiteElo "1956"]
[BlackElo "2174"]
[PlyCount "48"]
[GameId "2160767911086326"]
[EventDate "2004.08.09"]
[EventType "schev"]
[EventRounds "5"]
[EventCountry "CAN"]
[SourceTitle "EXT 2006"]
[Source "ChessBase"]
[SourceDate "2005.11.24"]
[SourceVersion "1"]
[SourceVersionDate "2005.11.24"]
[SourceQuality "1"]

1. e4 e5 2. Nf3 Nc6 3. Bb5 a6 4. Ba4 Nf6 5. O-O Nxe4 6. d4 b5 7. Bb3 d5 8. dxe5 Be6 9. c3 Bc5 10. Nbd2 O-O 11. Nxe4 dxe4 12. Ng5 Bxb3 13. Qxb3 e3 14. Ne4 exf2+ 15. Nxf2 Nxe5 16. Kh1 Qf6 17. Qd1 Bxf2 18. Qe2 Rad8 19. Be3 Nd3 20. Rad1 Qe6 21. Rxd3 Rxd3 22. Qxd3 Qxe3 23. Qf5 Bh4 24. Qd7 Qe2 0-1

[Event "Ottawa Futurity"]
[Site "Ottawa CAN"]
[Date "2004.08.09"]
[Round "1"]
[White "Yuan, Michael"]
[Black "Van Dusen, Eric"]
[Result "1-0"]
[WhiteElo "2010"]
[BlackElo "2025"]
[PlyCount "81"]
[GameId "2160767911086327"]
[EventDate "2004.08.09"]
[EventType "schev"]
[EventRounds "5"]
[EventCountry "CAN"]
[SourceTitle "EXT 2006"]
[Source "ChessBase"]
[SourceDate "2005.11.24"]
[SourceVersion "1"]
[SourceVersionDate "2005.11.24"]
[SourceQuality "1"]

1. e4 c5 2. Nf3 e6 3. d4 cxd4 4. Nxd4 Nf6 5. Nc3 Nc6 6. Nxc6 bxc6 7. e5 Nd5 8. Ne4 Qa5+ 9. Bd2 Qc7 10. f4 Qb6 11. Qc1 Qd4 12. Bd3 a5 13. Nf2 Bc5 14. O-O Ba6 15. Kh1 Bxd3 16. Nxd3 Bb6 17. Rf3 Qe4 18. Qf1 Ne7 19. b3 O-O 20. Re1 Qf5 21. h3 h5 22. a4 h4 23. c4 Qh7 24. c5 Bc7 25. Nf2 Nf5 26. Ne4 Rab8 27. Qd3 Rfd8 28. Rg1 Kf8 29. Kh2 Ke7 30. Nd6 g6 31. Ne4 Qg7 32. Rd1 Ra8 33. Be1 Ra7 34. Qd2 Bb8 35. Nf6 g5 36. Rd3 gxf4 37. Rxd7+ Raxd7 38. Qxd7+ Rxd7 39. Rxd7+ Kf8 40. Rd8+ Ke7 41. Re8# 1-0